Ιαπωνική Διοικητική και Μάρκετινγκ / Οικονομική Ανάπτυξη και Αγορά Τόμος Α' (Record no. 5073)
[ view plain ]
| 000 -LEADER | |
|---|---|
| fixed length control field | 02137cam a22002054a 4500 |
| 005 - ΗΜΕΡΟΜΗΝΙΑ ΚΑΙ ΩΡΑ ΤΕΛΕΥΤΑΙΑΣ ΕΝΗΜΕΡΩΣΗΣ | |
| Πεδίο ελέγχου | 20250605164203.0 |
| 008 - FIXED-LENGTH DATA ELEMENTS--GENERAL INFORMATION | |
| Πεδίο ελέγχου σταθερού μήκους | 250528s ||||||||||||||||||||||||d |
| 035 ## - SYSTEM CONTROL NUMBER | |
| System control number | 19826 |
| 020 ## - ISBN | |
| ISBN | 9603512060 |
| 040 ## - ΠΗΓΗ ΚΑΤΑΛΟΓΟΓΡΑΦΗΣΗΣ | |
| Φορέας πρωτότυπης καταλογογράφησης | MC Athens Campus Library |
| Γλώσσα καταλογογράφησης | Ελληνικά, Μοντέρνα (1453-) |
| Modifying agency | MC Athens Campus Library |
| Κανόνες περιγραφικής καταλογογράφησης | AACR2 |
| 245 1# - ΤΙΤΛΟΣ ΚΑΙ ΔΗΛΩΣΗ ΥΠΕΥΘΥΝΟΤΗΤΑΣ | |
| Τίτλος | Ιαπωνική Διοικητική και Μάρκετινγκ / Οικονομική Ανάπτυξη και Αγορά Τόμος Α' |
| 250 ## - EDITION STATEMENT | |
| Edition statement | 1η |
| 260 ## - PUBLICATION, DISTRIBUTION, ETC. | |
| Name of publisher, distributor, etc. | Σταμούλης, |
| Date of publication, distribution, etc. | 1999 |
| 300 ## - PHYSICAL DESCRIPTION | |
| Extent | 480 |
| 520 ## - SUMMARY, ETC. | |
| Summary, etc. | Πρόλογος, Η Οικονομική Ανάπτυξη στην Ιαπωνία, Η Εξέλιξη της Ιαπωνικής Προπολεμικής Ανάπτυξης: Μια Λανθασμένη Στρατηγική Πορεία, Η Ιαπωνία μετά τον Πόλεμο - Η Αμερικανοποίηση της Κοινωνίας (1945-1973), Η Διεθνοποίηση και ο Κορεσμός της Ιαπωνικής Οικονομίας (1974-1998), Το Πολιτισμικό Πλαίσιο και η Διοικητική Συμπεριφορά και οι Σύγχρονες Επιχειρησιακές Ομάδες, Η Πρώτη Γνωριμία με την Ιαπωνία: Το Μέλλον και οι Προοπτικές, Η Αγορά της Ιαπωνίας Ανοίγεται στον Κόσμο, Μια Πρώτη Επαφή με την Αγορά της Ιαπωνίας, Πως η Αγορά της Ιαπωνίας Ανοίγεται στον Κόσμο, Τάσεις και Ευκαιρίες στην Αγορά της Ιαπωνίας, Ξένες Εταιρείες στην Ιαπωνία, Η Στρατηγική: Προσαρμογή - Ανάπτυξη - Προώθηση, Προσαρμογή στις Επιχειρησιακές Συνθήκες της Ιαπωνίας, Ανάπτυξη Νέων Προϊόντων, Επιθετική Προώθηση των Προϊόντων, Πέρίληψη και Συμπεράσματα, Γενική Βιβλιογραφία. |
| 700 1# - ΠΡΟΣΘΕΤΗ ΑΝΑΓΡΑΦΗ--ΦΥΣΙΚΟ ΠΡΟΣΩΠΟ | |
| Personal name | Πανηγυράκης Γεώργιος Γ |
| 9 (RLIN) | 1742 |
| 942 ## - ADDED ENTRY ELEMENTS (KOHA) | |
| Koha item type | Books |
| Τύπος τεκμηρίου | Βιβλιοθήκη | Τρέχουσα τοποθεσία | Barcode | Αριθμός εισαγωγής | Ημερομηνία απόκτησης | Ταξιθετικό σύμβολο | Αριθμός αντιτύπου | Κατάσταση απόσυρσης | Κατάσταση χαμένου | Κατάσταση κατεστραμμένου | Μη δανεισμός | Σύνολο δανεισμών | Ημερομηνία τελευταίας εμφάνισης | Η τιμή ισχύει από |
|---|---|---|---|---|---|---|---|---|---|---|---|---|---|---|
| Books | MC Athens Campus Library | MC Athens Campus Library | 9780000050724 | 5924 | 05/06/2025 | 658.800952 PAN | 1 | 05/06/2025 | 05/06/2025 |